Česká fotografie 20. století /

Hlavní autor: Birgus, Vladimír, 1954-
Další autoři: Mlčoch, Jan, 1953-
Jazyk: Čeština
Vydáno: Praha : KANT, c2009
Témata:
Externí odkaz: Digitalizovaný dokument
Fyzický popis: 390 s. : il. (některé barev.), portréty, faksim. ; 29 cm
Knihy
Uloženo v:
LEADER 02132nam a2200541 a 4500
001 nkc20102131970
003 CZ PrNK
005 20211019122441.0
007 ta
008 101103s2009 xr ach f 001 0 cze
015 |a cnb002131970 
020 |a 978-80-7437-026-7  |q (KANT Karel Kerlický ;  |q váz.) 
020 |a 978-80-7101-089-0  |q (Uměleckoprůmyslové museum ;  |q váz.) 
035 |a (OCoLC)693937256 
040 |a ABA001  |b cze 
043 |a e-xr--- 
045 |a x-x- 
072 7 |a 77  |x Fotografie. Fotografické postupy  |2 Konspekt  |9 21 
080 |a 77.03/.08  |2 MRF 
080 |a 77(091)  |2 MRF 
080 |a (437.3)  |2 MRF 
080 |a (048.8)  |2 MRF 
080 |a (084.12)  |2 MRF 
100 1 |a Birgus, Vladimír,  |d 1954-  |7 jk01012141  |4 aut 
245 1 0 |a Česká fotografie 20. století /  |c Vladimír Birgus, Jan Mlčoch 
246 3 |a Česká fotografie dvacátého století 
260 |a Praha :  |b KANT,  |c c2009 
300 |a 390 s. :  |b il. (některé barev.), portréty, faksim. ;  |c 29 cm 
500 |a Chronologický přehled 
500 |a V tiráži copyright 2010 
504 |a Obsahuje bibliografii, bibliografické odkazy a rejstřík 
648 7 |a 20. století  |7 ch460558  |2 czenas 
650 0 7 |a fotografie  |7 ph114585  |z Česko  |y 20. století  |2 czenas 
650 0 7 |a dějiny fotografie  |7 ph163942  |z Česko  |2 czenas 
650 0 9 |a photography  |z Czechia  |y 20th century  |2 eczenas 
650 0 9 |a history of photography  |z Czechia  |2 eczenas 
655 7 |a monografie  |7 fd132842  |2 czenas 
655 7 |a fotografické publikace  |7 fd132276  |2 czenas 
655 9 |a monographs  |2 eczenas 
655 9 |a photographical works  |2 eczenas 
700 1 |a Mlčoch, Jan,  |d 1953-  |7 jn20000728423  |4 aut 
856 4 1 |u https://www.digitalniknihovna.cz/mzk/uuid/uuid:01163fb0-0e86-11e5-9eb3-005056827e52  |y Digitalizovaný dokument  |x NDK 
910 2 |a BOA001  |b 4-1264.387 
990 |a BK 
995 |a 01 
991 |b 201104  |c NOV  |j 77 BIR  |e n 
996 6 |b 2610473807  |c 4-1264.387  |l MZK  |r HSS 4p  |n 0  |p p.v.  |h 77 BIR  |w 001173728  |u 000010  |a 0  |e BOA001  |j MZK50  |s P 
996 6 |b 2610533601  |c 4-1264.387  |l MZK  |r Sklad / do 1 hodiny  |n 32  |p kup  |w 001173728  |u 000020  |a 1  |e BOA001  |j MZK50  |s P